00311nam a2200133Ia 45000030006000000080041000060400015000471000026000622450041000882500010001292600009001395460012001480050017001600STCL150530s9999 xx 000 0 und d aSTCLcSTCL aHogg,R.V.; Tanis,E.A. aProbability and Statistical Infernce aSixth c2004 aEnglish20220125170043.0